[Event "FIDE World Rapid 2014"]
[Site "Dubai UAE"]
[Date "2014.06.18"]
[Round "14.46"]
[White "Al Qudaimi, Basheer"]
[Black "Fier, Alexandr"]
[Result "1/2-1/2"]
[WhiteTitle "IM"]
[BlackTitle "GM"]
[WhiteElo "2396"]
[BlackElo "2580"]
[WhiteFideId "9400346"]
[BlackFideId "2107139"]
[EventDate "2014.06.16"]

1. e4 e6 2. d4 d5 3. Nd2 c5 4. exd5 Qxd5 5. Ngf3 cxd4 6. Bc4 Qd6 7. O-O Nf6 8.
Nb3 Nc6 9. Nbxd4 Nxd4 10. Nxd4 a6 11. Re1 Qc7 12. Bb3 Bd6 13. Nf5 Bxh2+ 14. Kh1
O-O 15. Nxg7 Rd8 16. Qf3 Kxg7 17. Bh6+ Kg6 18. c3 Nh5 19. Bc1 Bf4 20. g4 Ng3+
21. fxg3 Bxc1 22. Bc2+ Kg7 23. Raxc1 Bd7 24. Qe3 Bc6+ 25. Kg1 Qa5 26. Re2 h6 27.
Rh2 Qg5 28. Qxg5+ hxg5 29. Rh7+ Kg8 30. Rf1 Be8 31. Rf2 Rd1+ 32. Bxd1 Kxh7 33.
Bf3 Rb8 34. Rd2 Kg7 35. Rd6 b6 36. Bc6 Kf8 37. Bxe8 Kxe8 38. Kf2 Ke7 39. Rc6 Kd7
40. Rc4 Rh8 41. Kg2 b5 42. Re4 Kd6 43. a4 Rb8 44. Rd4+ Kc6 45. axb5+ Rxb5 46. b4
Rd5 47. Rc4+ Kd6 48. Rc8 Rd2+ 49. Kf3 Rd3+ 50. Kf2 Kd5 51. Rc5+ Ke4 52. Rc4+ Ke5
53. Rc7 f5 54. gxf5 Kxf5 55. Rc4 e5 56. g4+ Ke6 57. Rc6+ Kd5 58. Rc8 Rh3 59. Ke2
Rg3 60. Rc5+ Kd6 61. Ra5 Rxg4 62. Rxa6+ Kd5 63. b5 Rg2+ 64. Kf3 Rb2 65. Rg6 Rb3
66. Rxg5 Rxc3+ 67. Ke2 Rb3 68. Rg4 Rxb5 69. Ra4 Rc5 70. Kd3 Rc1 71. Ra5+ Ke6 72.
Ke4 Re1+ 73. Kf3 Kf5 74. Ra8 Rb1 75. Rf8+ Ke6 76. Re8+ Kd6 77. Rd8+ Ke7 78. Ra8
Rf1+ 79. Ke4 Rf8 80. Rxf8 Kxf8 81. Kxe5 1/2-1/2

[Event "FIDE World Rapid 2014"]
[Site "Dubai UAE"]
[Date "2014.06.18"]
[Round "14.47"]
[White "Sokolov, Ivan"]
[Black "Taleb, Moussa"]
[Result "1-0"]
[WhiteTitle "GM"]
[BlackTitle "GM"]
[WhiteElo "2650"]
[BlackElo "2406"]
[WhiteFideId "14400030"]
[BlackFideId "9300201"]
[EventDate "2014.06.16"]

1. d4 Nf6 2. c4 e6 3. Nf3 b6 4. a3 Bb7 5. Nc3 d6 6. Qc2 Nbd7 7. e4 e5 8. d5 a5
9. h3 g6 10. Be2 Bg7 11. Bg5 h6 12. Be3 Nh5 13. g3 Nhf6 14. Nd2 O-O 15. g4 c6
16. h4 Ne8 17. Nf1 cxd5 18. cxd5 Nc5 19. Ng3 Ba6 20. Bxa6 Rxa6 21. h5 g5 22. Nf5
Qd7 23. a4 Nc7 24. O-O Rc8 25. Rfc1 Bf8 26. f3 Raa8 27. Ra3 N7a6 28. Qe2 Nb4 29.
Nb5 Nca6 30. Rac3 Nc5 31. b3 f6 32. Kg2 Kh7 33. Bf2 Ncd3 34. Rxc8 Rxc8 35. Rxc8
Qxc8 36. Qd2 Nxf2 37. Kxf2 Qc5+ 38. Kg2 Na6 39. Ne3 Qc8 40. Nc4 Qb8 41. Qc3 Be7
42. Ne3 Nc5 43. Nf5 Bf8 44. Qc4 Kh8 45. Na3 Qc8 46. Qb5 Na6 47. Nc4 1-0

[Event "FIDE World Rapid 2014"]
[Site "Dubai UAE"]
[Date "2014.06.18"]
[Round "14.48"]
[White "Sandipan, Chanda"]
[Black "Kayumov, Sergey"]
[Result "0-1"]
[WhiteTitle "GM"]
[BlackTitle "GM"]
[WhiteElo "2594"]
[BlackElo "2505"]
[WhiteFideId "5004225"]
[BlackFideId "14200880"]
[EventDate "2014.06.16"]

1. d4 d6 2. e4 Nf6 3. Nc3 Nbd7 4. Nf3 e5 5. Bc4 Be7 6. O-O O-O 7. a4 a5 8. Re1
exd4 9. Nxd4 Nb6 10. Bf1 Nfd7 11. Nd5 Nxd5 12. exd5 Bf6 13. Be3 Ne5 14. h3 Bd7
15. b3 c6 16. dxc6 bxc6 17. Rc1 d5 18. Nf3 Re8 19. Nxe5 Bxe5 20. Bd4 Bf4 21. Ra1
Qg5 22. Qf3 Bf5 23. h4 Qxh4 24. Rxe8+ Rxe8 25. g3 Bxg3 26. Qxg3 Qxd4 27. c3 Qb6
28. b4 h6 29. Qf4 Be4 30. Qe3 Qd8 31. bxa5 d4 32. cxd4 Bd5 33. Qc3 Re6 34. Bg2
Rg6 35. f3 Bxf3 36. Qxf3 Qxd4+ 37. Kh2 Qxa1 38. Qe4 Re6 39. Qb4 Qe5+ 40. Kg1
Qe3+ 41. Kh2 Qe5+ 42. Kg1 Qg3 43. Kf1 Rf6+ 44. Kg1 Qf2+ 45. Kh1 Rf4 46. Qb3 Rh4+
47. Bh3 Qf1+ 48. Kh2 Qf2+ 49. Kh1 Qe1+ 50. Kg2 Qe4+ 51. Kg3 Qf4+ 52. Kg2 Qe4+
53. Kg3 Qe5+ 54. Kg2 Qe4+ 55. Kg3 Qxa4 56. Qb8+ Kh7 57. Bf5+ g6 58. Bxg6+ Kxg6
59. Qg8+ Kf6 60. Qh8+ Ke6 61. Qe8+ Kd6 62. Qd8+ Kc5 63. Qb6+ Kd5 64. Qd8+ Ke6
65. Qe8+ Kf6 66. Qh8+ Kf5 67. Qc8+ Kf6 68. Qh8+ Ke7 69. Qe5+ Kd7 70. Qf5+ Kd8
71. Qf6+ Kc8 72. Qf5+ Kb8 73. Qe5+ Ka8 74. Qe8+ Ka7 75. Qd7+ Ka6 76. Qc8+ Kxa5
77. Qc7+ Kb5 78. Qb8+ Ka5 79. Qc7+ Ka6 80. Qc8+ Kb6 81. Qb8+ Kc5 82. Qf8+ Kd4
83. Kxh4 Ke5+ 84. Kh3 Qb3+ 85. Kh2 Qc2+ 86. Kh3 Qd3+ 87. Kh2 Qe2+ 88. Kh3 Qf3+
89. Kh2 Qf2+ 90. Kh1 Qh4+ 91. Kg2 Qe4+ 92. Kh2 Qf4+ 93. Kg2 Qg4+ 94. Kh2 Qh5+
95. Kg2 Qg6+ 96. Kh2 Qc2+ 97. Kg1 Qb1+ 98. Kh2 Qa2+ 99. Kg1 Qa1+ 100. Kh2 Qb2+
101. Kg1 Qc1+ 102. Kh2 Qd2+ 103. Kg1 Qd4+ 104. Kh2 Qd6 105. Qxf7 Qd2+ 106. Kh3
Qe3+ 107. Kg2 Qg5+ 108. Kh1 Qh4+ 109. Kg2 Qg4+ 110. Kh1 Qh3+ 111. Kg1 Qg3+ 112.
Kh1 Qh4+ 113. Kg2 Qe4+ 114. Kg3 Qe3+ 115. Kg2 Qd2+ 116. Kh3 Qd3+ 117. Kh2 Qd6
118. Qc4 Qd2+ 119. Kh1 Qd5+ 0-1

[Event "FIDE World Rapid 2014"]
[Site "Dubai UAE"]
[Date "2014.06.18"]
[Round "14.49"]
[White "Al-Modiahki, Mohamad"]
[Black "Tissir, Mohamed"]
[Result "0-1"]
[WhiteTitle "GM"]
[BlackTitle "IM"]
[WhiteElo "2549"]
[BlackElo "2380"]
[WhiteFideId "12100030"]
[BlackFideId "9000240"]
[EventDate "2014.06.16"]

1. e4 c5 2. Nc3 Nc6 3. f4 a6 4. Nf3 e6 5. g3 b5 6. Bg2 Bb7 7. O-O Rc8 8. d3 b4
9. Ne2 d5 10. exd5 Qxd5 11. f5 e5 12. Ng5 Qd7 13. Ne4 Nf6 14. Be3 Nd4 15. c3
Nxe2+ 16. Qxe2 Be7 17. Rad1 h5 18. Bg5 Kf8 19. Bxf6 gxf6 20. Nd2 h4 21. Bxb7
Qxb7 22. Qe4 Qd7 23. gxh4 a5 24. Nc4 Qc7 25. Kh1 a4 26. a3 Rb8 27. Rg1 bxc3 28.
bxc3 Rb3 29. Ne3 c4 30. Qg2 Ke8 31. Qa8+ Qb8 32. Qxa4+ Kf8 33. Qxc4 Rb2 34. Qe4
Bc5 35. Rg3 Re2 36. d4 exd4 37. Rb1 Qd8 38. Qc6 Bd6 39. cxd4 Bxg3 40. hxg3 Rxe3
41. Qc5+ Kg7 42. Kh2 Re2+ 43. Kh3 Qa8 44. d5 Qa4 45. Qc3 Qe4 46. Rb4 Rxh4+ 0-1

[Event "FIDE World Rapid 2014"]
[Site "Dubai UAE"]
[Date "2014.06.18"]
[Round "14.50"]
[White "Breckenridge, Steven James"]
[Black "Moradiabadi, Elshan"]
[Result "1/2-1/2"]
[WhiteTitle "FM"]
[BlackTitle "GM"]
[WhiteElo "2299"]
[BlackElo "2586"]
[WhiteFideId "2043700"]
[BlackFideId "12501255"]
[EventDate "2014.06.16"]

1. e4 e6 2. d4 d5 3. Nd2 Nf6 4. e5 Nfd7 5. Bd3 b6 6. c4 Bb7 7. Ngf3 Nc6 8. O-O
Nb4 9. Bb1 dxc4 10. Nxc4 Be7 11. a3 Nd5 12. Qd3 a5 13. b3 Nf8 14. Bd2 Ng6 15. g3
Qd7 16. Rc1 a4 17. b4 Rd8 18. Qe2 O-O 19. Be4 Rfe8 20. h4 Nf8 21. Nh2 f5 22.
exf6 Bxf6 23. Ne5 Bxe5 24. dxe5 Qf7 25. Ng4 Kh8 26. Bg5 Rd7 27. Rc2 h6 28. Bxh6
gxh6 29. Nxh6 Qg7 30. Qh5 Nf4 31. Nf7+ Kg8 32. Nh6+ Kh8 33. Nf7+ Kg8 34. Nh6+
Qxh6 35. Qxh6 Bxe4 36. Rc4 Ne2+ 37. Kf1 Nxg3+ 38. Ke1 Nf5 39. Qh5 Ng7 40. Qg5
Bf5 41. h5 Rd5 42. Rxc7 Rxe5+ 43. Kd2 Rd5+ 44. Kc3 Bg6 45. Qf6 Nxh5 46. Qh4 Rd3+
47. Kc4 Red8 48. Rg1 R8d5 49. Rb7 Ng7 50. Qf6 Nd7 51. Qd8+ Kf7 52. Rg5 b5+ 53.
Rxb5 R5d4# 1/2-1/2

[Event "FIDE World Rapid 2014"]
[Site "Dubai UAE"]
[Date "2014.06.18"]
[Round "14.51"]
[White "Sriram, Jha"]
[Black "AlHuwar, Jasem"]
[Result "1/2-1/2"]
[WhiteTitle "GM"]
[BlackTitle "FM"]
[WhiteElo "2375"]
[BlackElo "2277"]
[WhiteFideId "5001668"]
[BlackFideId "9300465"]
[EventDate "2014.06.16"]

1. d4 g6 2. c4 Bg7 3. e4 d6 4. Nc3 Nc6 5. Nge2 e5 6. Be3 f5 7. exf5 gxf5 8. dxe5
Nxe5 9. Nf4 Nf6 10. Be2 O-O 11. O-O c6 12. Qc2 Qe7 13. Rad1 Nfg4 14. Bc1 Ng6 15.
Nxg6 hxg6 16. Bxg4 fxg4 17. Qxg6 Rf6 18. Qg5 Bf5 19. Bf4 Re8 20. Bxd6 Qf7 21.
Bg3 Qxc4 22. Rfe1 Rfe6 23. Rxe6 Qxe6 24. Qd2 Bh6 25. f4 gxf3 26. Bf4 Bf8 27.
gxf3 Bc5+ 28. Kh1 Kh7 29. Bg3 Qg6 30. Qf4 Qh5 31. Re1 Rxe1+ 32. Bxe1 Qh3 33.
Qh4+ Qxh4 34. Bxh4 Bd4 35. Kg2 Bxc3 36. bxc3 Kg6 37. Kg3 Be6 38. a3 Kf5 39. Kf2
b5 40. Ke3 a5 41. Bg3 a4 42. h4 Bf7 43. Kd4 Bh5 44. Ke3 Bf7 45. Bd6 Bh5 46. f4
Bf7 47. Be7 Bh5 48. Bg5 Bf7 49. Kd4 Bh5 50. Kc5 Bf3 51. Kd6 Kg6 52. Ke5 Kf7 53.
Bd8 Bd1 54. Kf5 Bc2+ 55. Kg5 Ke6 56. Bb6 Bb1 57. Bd4 Bc2 58. h5 Bd3 59. Kh6 Kf7
60. Kg5 Ke6 61. Kg4 Bf5+ 62. Kf3 Kd5 63. Kg3 Ke6 64. h6 Bd3 65. Bg7 Bc2 66. Bf8
Bd3 67. Kf3 Bf5 68. Kg3 Bc2 69. Kg4 Bf5+ 70. Kg5 Bh7 71. Bc5 Bc2 72. Bd4 Bh7 73.
Bc5 Bc2 74. Bf8 Bh7 75. Kg4 Bf5+ 76. Kh4 Kd5 77. Bb4 Ke6 78. Kg5 Bc2 79. Kg4
Bf5+ 1/2-1/2

[Event "FIDE World Rapid 2014"]
[Site "Dubai UAE"]
[Date "2014.06.18"]
[Round "15.5"]
[White "Grischuk, Alexander"]
[Black "Eljanov, Pavel"]
[Result "1-0"]
[WhiteTitle "GM"]
[BlackTitle "GM"]
[WhiteElo "2792"]
[BlackElo "2723"]
[WhiteFideId "4126025"]
[BlackFideId "14102951"]
[EventDate "2014.06.16"]

1. c4 Nf6 2. Nc3 e5 3. e3 g6 4. Nf3 d6 5. d4 Qe7 6. g3 Bg7 7. Bg2 O-O 8. h3 c6
9. b3 e4 10. Nd2 d5 11. a4 Re8 12. Ba3 Qd8 13. O-O Be6 14. f3 exf3 15. Qxf3 h5
16. Rad1 Nh7 17. Kh2 f5 18. cxd5 Ng5 19. Qf4 Bxd5 20. Nxd5 cxd5 21. Qd6 Ne4 22.
Qxg6 Nd7 23. Nxe4 1-0

[Event "FIDE World Rapid 2014"]
[Site "Dubai UAE"]
[Date "2014.06.18"]
[Round "15.6"]
[White "Movsesian, Sergei"]
[Black "Svidler, Peter"]
[Result "0-1"]
[WhiteTitle "GM"]
[BlackTitle "GM"]
[WhiteElo "2672"]
[BlackElo "2753"]
[WhiteFideId "310204"]
[BlackFideId "4102142"]
[EventDate "2014.06.16"]

1. e4 c5 2. Nf3 e6 3. d4 cxd4 4. Nxd4 a6 5. Bd3 Bc5 6. Nb3 Be7 7. O-O d6 8. Nc3
Nf6 9. f4 Nbd7 10. Qe2 Qc7 11. Bd2 b5 12. a4 b4 13. Nd1 a5 14. Kh1 d5 15. exd5
Nxd5 16. f5 e5 17. c4 N5f6 18. Nf2 O-O 19. Ne4 Bb7 20. Bg5 Bxe4 21. Bxe4 Rac8
22. Rac1 Nc5 23. Nxc5 Qxc5 24. Bxf6 Bxf6 25. b3 Rfd8 26. Rcd1 Rd4 27. Bd5 h6 28.
Rfe1 Kf8 29. Rd3 Rxd3 30. Qxd3 Qd4 31. Qe4 Qxe4 32. Rxe4 Ke7 33. Kg1 Rc7 34. Kf2
Kd6 35. Ke2 Kc5 36. Kd3 Rd7 37. Re2 Re7 38. Ke4 Rd7 39. g3 Re7 40. Rd2 Rd7 41.
Rd3 Bg5 42. h4 Bc1 43. Rd1 Bb2 44. g4 f6 45. Rh1 Bd4 46. g5 hxg5 47. hxg5 fxg5
48. Rh5 Rd6 49. Rxg5 Rh6 50. Rxg7 Rh4+ 51. Kf3 e4+ 52. Kg3 Bxg7 53. Kxh4 Kd4 54.
Kg3 Bf8 55. Kf2 Bc5 56. Ke2 e3 57. f6 Kc3 58. f7 Kxb3 59. f8=Q Bxf8 60. c5+ Kxa4
61. c6 Bd6 62. Kxe3 b3 63. Kd2 Kb4 64. Kd3 a4 0-1

[Event "FIDE World Rapid 2014"]
[Site "Dubai UAE"]
[Date "2014.06.18"]
[Round "15.8"]
[White "Vallejo Pons, Francisco"]
[Black "Bacrot, Etienne"]
[Result "0-1"]
[WhiteTitle "GM"]
[BlackTitle "GM"]
[WhiteElo "2698"]
[BlackElo "2720"]
[WhiteFideId "2205530"]
[BlackFideId "605506"]
[EventDate "2014.06.16"]

1. e4 e5 2. Nf3 Nc6 3. Bb5 Nf6 4. d3 Bc5 5. Bxc6 dxc6 6. Be3 Bd6 7. Nbd2 Ng4 8.
Bg5 f6 9. Bh4 c5 10. Nc4 Be6 11. h3 Nh6 12. Nfd2 Nf7 13. f3 Qd7 14. a4 Nd8 15.
Nxd6+ cxd6 16. Bf2 Nc6 17. O-O O-O 18. Be3 b6 19. b3 d5 20. Bf2 Rac8 21. Rc1 f5
22. exf5 Bxf5 23. Bg3 Rf6 24. Bh2 Re8 25. Qe1 Qf7 26. Qe3 Rfe6 27. Rf2 Nb4 28.
Nf1 Qg6 29. g4 Bxd3 30. cxd3 Nxd3 31. Rd1 Nxf2 32. Qxf2 e4 33. Rxd5 exf3 34. Rf5
Rf6 35. Rxf3 Rxf3 36. Qxf3 Qe4 37. Qc3 Rd8 38. Qg3 Qd3 39. Qc7 Rf8 40. Ng3 Qe3+
41. Kg2 Rf2+ 0-1

[Event "FIDE World Rapid 2014"]
[Site "Dubai UAE"]
[Date "2014.06.18"]
[Round "15.9"]
[White "Mamedov, Rauf"]
[Black "Yudin, Sergei"]
[Result "1-0"]
[WhiteTitle "GM"]
[BlackTitle "GM"]
[WhiteElo "2659"]
[BlackElo "2546"]
[WhiteFideId "13401653"]
[BlackFideId "4159659"]
[EventDate "2014.06.16"]

1. e4 d6 2. Nc3 Nf6 3. g3 e5 4. Bg2 g6 5. Nge2 Bg7 6. O-O O-O 7. d4 Nc6 8. dxe5
dxe5 9. Be3 Be6 10. Nd5 Nd7 11. Qd2 Nb6 12. b3 f5 13. c4 Rf7 14. Rad1 Qf8 15. f3
Rd8 16. Qc1 Rdd7 17. Rd2 h6 18. Rfd1 g5 19. exf5 Bxf5 20. f4 gxf4 21. gxf4 Kh8
22. Ng3 Bg4 23. Rf1 Nd4 24. fxe5 Nf3+ 25. Bxf3 Rxf3 26. Rxf3 Qxf3 27. Rf2 Qd1+
28. Qxd1 Bxd1 29. e6 Rd8 30. Nxc7 Nc8 31. Rf7 Rg8 32. Bf4 Bg4 33. Kg2 Rf8 34.
Be5 Rg8 35. Rxg7 Rxg7 36. Ne8 1-0

[Event "FIDE World Rapid 2014"]
[Site "Dubai UAE"]
[Date "2014.06.18"]
[Round "15.10"]
[White "Yu, Yangyi"]
[Black "Meier, Georg"]
[Result "1-0"]
[WhiteTitle "GM"]
[BlackTitle "GM"]
[WhiteElo "2675"]
[BlackElo "2632"]
[WhiteFideId "8603820"]
[BlackFideId "4675789"]
[EventDate "2014.06.16"]

1. e4 e6 2. d4 d5 3. Nc3 dxe4 4. Nxe4 Nd7 5. Nf3 Ngf6 6. Bg5 h6 7. Bxf6 Nxf6 8.
Bd3 Bd6 9. O-O Bd7 10. Ne5 Qe7 11. Qf3 Nxe4 12. Qxe4 O-O-O 13. c3 Kb8 14. Nxd7+
Rxd7 15. Rfe1 c5 16. Bb5 Rc7 17. Rad1 Rd8 18. g3 g6 19. Be2 Rcc8 20. Bf3 h5 21.
Rd3 cxd4 22. cxd4 Rc7 23. Kg2 Rdd7 24. Rb3 Kc8 25. Ree3 Kd8 26. Rec3 Ke8 27. Qe3
Kf8 28. Rb5 Kg7 29. h4 b6 30. Rg5 Kf8 31. Bc6 Rd8 32. Qe4 Rdc8 33. Rf3 Kg7 34.
Bb5 f5 35. Qe3 Rf8 36. Bd3 Rf6 37. Qe2 Qf7 38. d5 Kf8 39. dxe6 Qxe6 40. Qd1 Qd5
41. Qa4 Re7 42. Qc2 Rc7 43. Qb1 a5 44. a3 Bc5 45. b4 axb4 46. axb4 Bd4 47. Qd1
Bc3 48. Kh2 Rd7 49. Re3 Bxb4 50. Qe2 Bc5 51. Re8+ Kg7 52. Qxh5 Bf8 53. Bxf5 Rdd6
54. Rxg6+ Rxg6 55. Bxg6 Qxh5 56. Bxh5 b5 57. f4 b4 58. Rb8 Rd3 59. Rb7+ Kh8 60.
Bg6 Rc3 61. h5 Bd6 62. h6 Rc6 63. Be4 Rc4 64. Rd7 Bf8 65. Rd8 Rxe4 66. Rxf8+ Kh7
67. Rf6 Re2+ 68. Kh3 b3 69. Rb6 b2 70. Kh4 Rc2 71. Kg5 Rc5+ 72. f5 Rc2 73. Rb7+
Kh8 74. Kg6 1-0

[Event "FIDE World Rapid 2014"]
[Site "Dubai UAE"]
[Date "2014.06.18"]
[Round "15.11"]
[White "Nguyen, Ngoc Truong Son"]
[Black "Guseinov, Gadir"]
[Result "1/2-1/2"]
[WhiteTitle "GM"]
[BlackTitle "GM"]
[WhiteElo "2621"]
[BlackElo "2613"]
[WhiteFideId "12401110"]
[BlackFideId "13401378"]
[EventDate "2014.06.16"]

1. d4 Nf6 2. Nf3 g6 3. Bf4 Bg7 4. e3 d6 5. Be2 O-O 6. O-O Nbd7 7. h3 b6 8. a4 a6
9. Nbd2 Bb7 10. Re1 Re8 11. Bh2 e5 12. dxe5 dxe5 13. Nc4 Ne4 14. Nfd2 Nxd2 15.
Qxd2 Nc5 16. Qxd8 Raxd8 17. Red1 f6 18. f4 exf4 19. Bxf4 Ne6 20. Bg3 Bf8 21.
Rxd8 Rxd8 22. Rd1 Rxd1+ 23. Bxd1 Bc5 24. Bf2 Ng5 25. Nd2 Ne4 26. Bf3 f5 27. Nxe4
Bxe4 28. Bxe4 fxe4 29. Kf1 Kf7 30. Ke2 Ke6 31. c4 Bd6 32. Be1 a5 33. b3 h5 34.
Kd1 g5 35. g4 hxg4 36. hxg4 c5 37. Bc3 1/2-1/2

[Event "FIDE World Rapid 2014"]
[Site "Dubai UAE"]
[Date "2014.06.18"]
[Round "15.13"]
[White "Fressinet, Laurent"]
[Black "Nepomniachtchi, Ian"]
[Result "1/2-1/2"]
[WhiteTitle "GM"]
[BlackTitle "GM"]
[WhiteElo "2717"]
[BlackElo "2730"]
[WhiteFideId "608742"]
[BlackFideId "4168119"]
[EventDate "2014.06.16"]

1. e4 d6 2. d4 Nf6 3. Nc3 g6 4. Be3 a6 5. Qd2 b5 6. f3 b4 7. Nd1 a5 8. a3 bxa3
9. Rxa3 c6 10. Bd3 Bg7 11. Ne2 O-O 12. Bh6 Nbd7 13. Bxg7 Kxg7 14. O-O c5 15. c3
cxd4 16. cxd4 Ba6 17. Rxa5 Bxd3 18. Rxa8 Qxa8 19. Qxd3 Rb8 20. Nec3 Rb4 21. Kh1
Qa7 22. d5 Ne5 23. Qe2 Qd4 24. Ne3 Qd3 25. Qf2 Qa6 26. Rd1 Nfd7 27. Rd2 Nc5 28.
h3 Qa1+ 29. Ncd1 Ncd3 30. Qe2 Nf4 31. Qf1 Qa5 32. Rc2 Qb6 33. g3 Nh5 34. Kg2 Nf6
35. Qe2 h5 36. Nc4 Nxc4 37. Rxc4 Rb3 38. Rc6 Qd4 39. Rc4 Qb6 40. Qd2 Qb5 41. Qd4
Kh7 42. Rc2 Rb4 43. Qc3 Nd7 44. Qc6 Nc5 45. Qxb5 Rxb5 46. Kf2 Kg7 47. Ke2 f5 48.
exf5 gxf5 49. g4 hxg4 50. hxg4 Kf6 51. Ne3 f4 52. Nf5 Nd7 53. Rc4 Rxb2+ 54. Kd1
Nb6 55. Rxf4 Nxd5 56. Rd4 Nc3+ 57. Ke1 d5 58. Rd3 Re2+ 59. Kf1 Rc2 60. Ne3 Rc1+
61. Kg2 e6 62. f4 Ne4 63. f5 Nc5 64. Rd2 Rc3 65. Nd1 Rc4 66. fxe6 Rxg4+ 67. Kf3
Rg5 68. Ne3 Kxe6 69. Rxd5 1/2-1/2

[Event "FIDE World Rapid 2014"]
[Site "Dubai UAE"]
[Date "2014.06.18"]
[Round "15.14"]
[White "Iturrizaga Bonelli, Eduardo"]
[Black "Vachier-Lagrave, Maxime"]
[Result "1-0"]
[WhiteTitle "GM"]
[BlackTitle "GM"]
[WhiteElo "2653"]
[BlackElo "2762"]
[WhiteFideId "3901211"]
[BlackFideId "623539"]
[EventDate "2014.06.16"]

1. Nf3 Nf6 2. c4 b6 3. g3 c5 4. Bg2 Bb7 5. O-O g6 6. Nc3 Bg7 7. d4 cxd4 8. Qxd4
Nc6 9. Qf4 Qb8 10. Rd1 Qxf4 11. Bxf4 Na5 12. Rac1 d6 13. b4 Nc6 14. c5 dxc5 15.
Ne5 Rc8 16. Nb5 O-O 17. Bxc6 Bxc6 18. Nxa7 Ba4 19. Nxc8 Rxc8 20. Rd3 Bb5 21. Ra3
c4 22. Ra7 c3 23. a4 Bxe2 24. Rxc3 Rd8 25. Rc1 Nd5 26. Rd7 1-0

[Event "FIDE World Rapid 2014"]
[Site "Dubai UAE"]
[Date "2014.06.18"]
[Round "15.15"]
[White "Cheparinov, Ivan"]
[Black "Salgado Lopez, Ivan"]
[Result "1/2-1/2"]
[WhiteTitle "GM"]
[BlackTitle "GM"]
[WhiteElo "2682"]
[BlackElo "2622"]
[WhiteFideId "2905540"]
[BlackFideId "2257327"]
[EventDate "2014.06.16"]

1. d4 d5 2. c4 c6 3. Nc3 Nf6 4. cxd5 cxd5 5. Bf4 Nc6 6. e3 a6 7. Nf3 Bg4 8. Be2
e6 9. O-O Bd6 10. Bxd6 Qxd6 11. Rc1 O-O 12. h3 Bxf3 13. Bxf3 Rac8 14. Qd2 Ne7
15. Rc2 Rc7 16. Rfc1 Rfc8 17. a3 g6 18. Na4 Nd7 19. Be2 Rxc2 20. Rxc2 Rxc2 21.
Qxc2 Qc6 22. Qxc6 Nxc6 23. Bd3 Kf8 24. Kf1 Ke7 25. h4 h5 26. Ke2 Kd6 27. Nc3 Nf6
28. g3 Ne7 29. Kd2 Nd7 30. Ke2 Nf6 31. Kd2 Nd7 32. Ke2 Nf6 33. Kd2 Nd7 34. Ke2
Nf6 1/2-1/2

[Event "FIDE World Rapid 2014"]
[Site "Dubai UAE"]
[Date "2014.06.18"]
[Round "15.16"]
[White "Vitiugov, Nikita"]
[Black "Bartel, Mateusz"]
[Result "1/2-1/2"]
[WhiteTitle "GM"]
[BlackTitle "GM"]
[WhiteElo "2742"]
[BlackElo "2641"]
[WhiteFideId "4152956"]
[BlackFideId "1112635"]
[EventDate "2014.06.16"]

1. d4 f5 2. Nc3 d5 3. Bg5 c6 4. e3 g6 5. h4 Bg7 6. Bd3 Nf6 7. h5 Ne4 8. Bf4 Nd7
9. Nf3 Qa5 10. Bxe4 dxe4 11. Ng5 Nb6 12. hxg6 hxg6 13. Rxh8+ Bxh8 14. a3 Nd5 15.
b4 Qd8 16. Nxd5 Qxd5 17. Qd2 Be6 18. Qc3 Bg8 19. a4 Bf6 20. Rb1 b6 21. Nh3 Qc4
22. Qxc4 Bxc4 23. Be5 g5 24. Bxf6 exf6 25. Ng1 Kd7 26. Ne2 Rh8 27. Kd2 Rh2 28.
Rg1 Ke6 29. Nc3 Bd5 30. Nb1 a6 31. a5 b5 32. Ke1 f4 33. Nd2 f5 34. Nf1 Rh7 35.
exf4 gxf4 36. g3 Bc4 37. gxf4 Bxf1 38. Kxf1 Rh4 39. Rg8 Rxf4 40. Ke2 Rf3 41. Ra8
Rc3 42. Kd2 Rf3 43. Ke2 Kd5 44. Rxa6 Rc3 45. Kd2 Kxd4 46. Ra8 Rf3 47. Ke2 Kc4
48. Rc8 Kxb4 49. a6 Ra3 50. Rxc6 f4 51. Kd2 Ra1 52. Re6 e3+ 53. fxe3 fxe3+ 54.
Ke2 Kc5 55. Rh6 Ra2 56. Kxe3 Rxc2 57. Kd3 Ra2 58. Kc3 Ra3+ 59. Kb2 Ra4 60. Kb3
Rb4+ 61. Kc3 Ra4 62. Rh5+ Kb6 63. Rh6+ Ka7 64. Kb3 Rxa6 65. Rxa6+ Kxa6 66. Kb4
Kb6 67. Kb3 Kc5 68. Kc3 b4+ 69. Kb3 Kb5 70. Kb2 Kc4 71. Kc2 b3+ 72. Kb2 Kb4 73.
Kb1 Kc3 74. Kc1 b2+ 75. Kb1 Kb3 1/2-1/2

[Event "FIDE World Rapid 2014"]
[Site "Dubai UAE"]
[Date "2014.06.18"]
[Round "15.17"]
[White "Naiditsch, Arkadij"]
[Black "Moiseenko, Alexander"]
[Result "1/2-1/2"]
[WhiteTitle "GM"]
[BlackTitle "GM"]
[WhiteElo "2705"]
[BlackElo "2707"]
[WhiteFideId "4650891"]
[BlackFideId "14102560"]
[EventDate "2014.06.16"]

1. b3 e5 2. Bb2 Nc6 3. e3 Nf6 4. Bb5 e4 5. Ne2 d5 6. d3 Bd6 7. dxe4 dxe4 8. Nd2
O-O 9. Bxf6 Qxf6 10. Nxe4 Bb4+ 11. c3 Qe7 12. Bxc6 bxc6 13. cxb4 Qxe4 14. Qd4
Qc2 15. Qc3 Qxc3+ 16. Nxc3 Rb8 17. O-O-O Rxb4 18. Rd2 Rh4 19. h3 Re8 20. Rhd1
Kf8 21. Rd8 Rh6 22. Rxe8+ Kxe8 23. f3 Rg6 24. Rd2 Ba6 25. Rf2 Ke7 26. Ne4 Bc8
27. Kd2 Bf5 28. Nc5 Rd6+ 29. Kc3 Rd1 30. e4 Bc8 31. f4 Rc1+ 32. Rc2 Rf1 33. f5
g6 34. fxg6 hxg6 35. b4 g5 36. Nb3 g4 37. hxg4 Bxg4 38. Na5 Bd7 39. Kd4 Rf6 40.
e5 Rg6 41. Kc5 Ke8 42. Re2 Rg3 43. Rc2 Rg6 44. Nb3 Rg5 45. Re2 Bg4 46. Re3 Bd7
47. g3 f6 48. Kd4 Rg4+ 49. Re4 fxe5+ 50. Kxe5 Rg6 51. Nc5 Bc8 52. Rh4 Rg8 53.
Ne4 Kd8 54. Rh6 Re8+ 55. Kd4 Bf5 56. Nf6 Re6 57. g4 Bb1 58. a3 Ke7 59. g5 Kf7
60. Rh1 Bf5 61. Rh8 Re1 62. Nh5 Kg6 63. Ng3 Rd1+ 64. Ke5 Rd5+ 65. Kf4 Rd4+ 66.
Ke3 Rd3+ 67. Kf2 Rxa3 68. Rg8+ Kf7 69. Rd8 Be6 70. Ne2 Bd5 71. b5 Kg6 72. bxc6
Bxc6 73. Rg8+ Kf7 74. Rc8 Kg6 75. Rxc7 Bb5 76. Nd4 a6 77. Ne6 Kf5 78. Nd4+ Kxg5
79. Nxb5 axb5 80. Rc5+ Kf4 81. Rxb5 1/2-1/2

[Event "FIDE World Rapid 2014"]
[Site "Dubai UAE"]
[Date "2014.06.18"]
[Round "15.18"]
[White "Efimenko, Zahar"]
[Black "Kryvoruchko, Yuriy"]
[Result "1-0"]
[WhiteTitle "GM"]
[BlackTitle "GM"]
[WhiteElo "2648"]
[BlackElo "2707"]
[WhiteFideId "14107201"]
[BlackFideId "14109182"]
[EventDate "2014.06.16"]

1. e4 e5 2. Nf3 Nc6 3. Bb5 Nf6 4. d3 Bc5 5. O-O Nd4 6. Nxd4 Bxd4 7. Nd2 c6 8.
Ba4 d6 9. c3 Bb6 10. Bb3 O-O 11. Nc4 Bc7 12. Bg5 h6 13. Bh4 d5 14. exd5 cxd5 15.
Ne3 g5 16. Bg3 Be6 17. d4 e4 18. Be5 Rc8 19. h3 Bb8 20. Qe2 Re8 21. Rad1 a6 22.
f4 gxf4 23. Rxf4 Nh7 24. Rdf1 Bxe5 25. dxe5 Qg5 26. Bxd5 Qxe5 27. Bxe6 Rxe6 28.
Rxf7 Ng5 29. Rxb7 Rd8 30. h4 Nf3+ 31. gxf3 exf3 32. Rxf3 Rg6+ 33. Kf1 Kh8 34.
Rbf7 Rdg8 35. Ke1 Qe4 36. Rf8 Qxh4+ 37. Kd2 Rd6+ 38. Kc1 Rd8 39. Rxd8 Rxd8 40.
Nf5 Qg5+ 41. Qe3 1-0

[Event "FIDE World Rapid 2014"]
[Site "Dubai UAE"]
[Date "2014.06.18"]
[Round "15.19"]
[White "Jobava, Baadur"]
[Black "Van Wely, Loek"]
[Result "1-0"]
[WhiteTitle "GM"]
[BlackTitle "GM"]
[WhiteElo "2713"]
[BlackElo "2654"]
[WhiteFideId "13601520"]
[BlackFideId "1000268"]
[EventDate "2014.06.16"]

1. d4 Nf6 2. Nc3 d5 3. Bf4 g6 4. Qd2 Bg7 5. Bh6 Bxh6 6. Qxh6 c5 7. e3 Nc6 8.
O-O-O cxd4 9. exd4 Qd6 10. f3 a6 11. Nge2 Bd7 12. Kb1 Rc8 13. Nc1 Na5 14. Nb3
Nxb3 15. axb3 b5 16. Bd3 Bf5 17. Bxf5 gxf5 18. Rhe1 Rg8 19. Nxd5 Qxd5 20. Qxf6
e6 21. Rd2 Kf8 22. Re5 Qd7 23. d5 Rc7 24. Qh6+ Rg7 25. dxe6 1-0